Online Catalogue and eLibrary

Ecclesia of Women in Asia (Record no. 1407)

MARC details
000 -LEADER
fixed length control field 00515nam a2200181Ia 4500
005 - DATE AND TIME OF LATEST TRANSACTION
control field 20241219051847.0
008 - FIXED-LENGTH DATA ELEMENTS--GENERAL INFORMATION
fixed length control field 240331s9999 xx 000 0 und d
020 ## - INTERNATIONAL STANDARD BOOK NUMBER
ISBN 8172148216
082 ## - DDC Classification
Item Number - Author Mark EVE
DDC Edition Number 1922
Class No. 305
245 #0 - TITLE STATEMENT
Title Ecclesia of Women in Asia
Remainder of title Gathering the Voices of the Silenced
260 ## - PUBLICATION, DISTRIBUTION, ETC.
Place of publication, distribution, etc. Delhi
Name of publisher, distributor, etc. Indian Society for Promoting Christian Knowledge (ISPCK)
Date of publication, distribution, etc. 2005
300 ## - PHYSICAL DESCRIPTION
Extent (e.g. Volumes, Pages etc.) xxiv, 460 p.,
650 ## - SUBJECT ADDED ENTRY--TOPICAL TERM
Topical term or geographic name entry element Women
650 ## - SUBJECT ADDED ENTRY--TOPICAL TERM
Topical term or geographic name entry element Asia
700 ## - ADDED ENTRY--PERSONAL NAME
Personal name Monteiro, E
Relator term (Role) Editor
700 ## - ADDED ENTRY--PERSONAL NAME
Personal name Gutzler, A
Relator term (Role) Editor
942 ## - Koha item type (Biblio)
Koha item type Books in Stacks (Lending)
Holdings
Lost status Damaged status Collection code Home library Current library Shelving location Date acquired Full call number Accession Number Item type
    Lending WERC Library WERC Library Social Science Cupboard 03/31/2024 305 ECC 1922 Books in Stacks (Lending)

© WERC Library